WNBA Team Names History - Statistics

General Stats
  • This quiz has been taken 352 times
    6 since last reset
  • The average score is 23 of 32
Answer Stats
City Years Name % Correct
Las Vegas 2018-present Aces
100%
Atlanta 2008-present Dream
100%
Indiana 2000-present Fever
100%
New York 1997-present Liberty
100%
Minnesota 1999-present Lynx
100%
Washington 1998-present Mystics
100%
Chicago 2006-present Sky
100%
Los Angeles 1997-present Sparks
100%
Seattle 2000-present Storm
100%
Connecticut 2003-present Sun
100%
Toronto 2026-present Tempo
100%
Houston 1997-2008 Comets
80%
Portland 2000-2002, 2026-present Fire
80%
Phoenix 1997-present Mercury
80%
Sacramento 1997-2009 Monarchs
80%
Las Vegas 2014-2017 Stars
80%
Charlotte 1997-2006 Sting
80%
Golden State 2025-present Valkyries
80%
Dallas 2016-present Wings
80%
Dallas 1998-2009 Detroit
60%
Las Vegas 2003-2013 San Antonio
60%
Las Vegas 2014-2017 San Antonio
60%
Dallas 1998-2009 Shock
60%
Dallas 2010-2015 Shock
60%
Las Vegas 1997-2002 Starzz
60%
Connecticut 1999-2002 Orlando
40%
Las Vegas 2003-2013 Silver Stars
40%
Miami 2000-2002 Sol
40%
Dallas 2010-2015 Tulsa
40%
Las Vegas 1997-2002 Utah
40%
Connecticut 1999-2002 Miracle
20%
Cleveland 1997-2003 Rockers
20%
No matching quizzes found
Score Distribution
Percent of People with Each Score
Percentile by Number Answered
Your Score History
You have not taken this quiz since the last reset